| 000 | 00345nam a2200133Ia 4500 | ||
|---|---|---|---|
| 008 | 240624s9999 xx 000 0 und d | ||
| 041 | _aeng | ||
| 082 | _a658.45 SET | ||
| 100 | _aSETHI | ||
| 245 | _aHANDBOOK OF PRONUNCIATION OF ENGLISH | ||
| 260 |
_c2008 _aNew Delhi _bPrentice-Hall of India |
||
| 300 | _a101 : p. : cm. ; 24 | ||
| 365 |
_cRS _b35 |
||
| 999 |
_c13495 _d13495 |
||